000 00789nam a2200181 a 4500
008 120416s1985 ||||||||||||||||| || u
050 _aG 2445 Phi
245 0 0 _aPhilips' modern college atlas for Africa. -(19th ed)
250 _a19th ed
260 _aLondon
_bGeorge Philip
_c1985
300 _a31p. : ill.
350 _a0.00
650 _aATLASES
650 _aATLASES, AFRICAN
995 _aREFERENCE BOOKS
_D0.00
_e710789
_FCBU-MAIN LIBRARY (Kitwe)
_H1
_I3.25
_jG 2445 Phi
_M1
_UREFERENCE
_y022326
_ZReference Collection
995 _aREFERENCE BOOKS
_D0.00
_e710788
_FCBU-MAIN LIBRARY (Kitwe)
_H3
_I3.25
_jG 2445 Phi
_M3
_UREFERENCE
_y022351
_ZReference Collection
995 _aREFERENCE BOOKS
_D0.00
_e710787
_FCBU-MAIN LIBRARY (Kitwe)
_H2
_I3.25
_jG 2445 Phi
_M2
_UREFERENCE
_y022352
_ZReference Collection
999 _c81869
_d81869